British City By Picture - Statistics

General Stats
  • This quiz has been taken 242 times
  • The average score is 10 of 12
Answer Stats
Picture Answer % Correct
London
100%
Liverpool
96%
Edinburgh
95%
Manchester
92%
Glasgow
87%
Leeds
85%
Birmingham
84%
Newcastle
84%
Cardiff
83%
Bristol
69%
Belfast
66%
Sheffield
63%
No matching quizzes found
Score Distribution
Percent of People with Each Score
Percentile by Number Answered
Your Score History
You have not taken this quiz